Brands with the Most Colors - Statistics

General Stats
  • This quiz has been taken 262 times
  • The average score is 14 of 19
Answer Stats
Picture Hint Answer % Correct
6 Apple
96%
6 Sprite
96%
4 Google
94%
4 PlayStation
92%
3 Taco Bell
89%
5 Wendy's
89%
5 The Olympics
88%
4 Microsoft
86%
4 Ferrari
81%
6 NBC
75%
3 Tide
74%
6 Fruit of the Loom
73%
4 Jif
67%
4 Knorr
62%
4 Sonic
61%
3 Arizona
49%
4 Nintendo 64
39%
5 Patagonia
39%
7 South African Airways
21%
No matching quizzes found
Score Distribution
Percent of People with Each Score
Percentile by Number Answered
Your Score History
You have not taken this quiz